000 01256cab a2200205 4500
001 ABS51303
008 090401t1994 xxu||||| |||| 00| 0 eng d
035 _a(Sirsi) u20837
041 _aeng
245 _aIvin v Blake
260 _c1994
350 _a0
490 _aProperty and Compensation Reports
_v(1994) 67 P&CR 263-281(19)
520 _aCA 25 May 1993. Appeal against a county court decision in favour of B who claimed he was sole legal and beneficial owner of a property. Briefly, a mother, daughter and son purchased a house to live in. The purchase was in the son`s name, but the mother made all payments involved. On the mother`s death, her will appointed the son as executor, who claimed he was the sole legal and beneficial owner. The daughter appealed, CA held, dismissing the appeal against the order made on the daughter`s claim, but allowing the appeal against the order made on the son`s counterclaim: the mother`s beneficial interest survived her death, and the son held the legal title subject to that interest: - for himself and his two sisters as tenants in common in equal shares.
650 _aBENEFICIAL INTEREST
650 _aTRUST
690 _aPROPERTY LAW AND PRACTICE-CASE LAW
942 _n0
948 _c04/03/1997
999 _c13966
_d13966